00719nam a2200229Ia 4500003000900000008004100009040001300050040001300063041000800076100001900084245007600103250000900179260002100188260000900209300001100218300001000229490002100239490000600260942000700266999001700273952019900290IT-RoPAU120407s9999 xx 000 0 und d aIT-RoPAU cIT-RoPAU aita aW. K. Grossouw aSpiritualità biblica. Riflessioni sullo spirito del Nuovo Testamento. aRoma aEdizioni Paoline c1963 a249 p. c18 cm aOrientamenti, 21 v1 cBK c30331d30331 00102ddc406248_72100000000000071aPAULUSbPAULUSd2012-04-11l0o248.721r2012-04-11 00:00:00w2012-04-11yBKzInserito da: Anna In data: 12 settembre 2011 fondo: Via A.Severo 56 Progr:33255